Score 0/10 Timer 07:00
0 Plays Today
question answer % Correct
What is the name of Tim's show?Tool Time
99.4%
Whats the tool company that sponsors Tim's show?Binford
92.4%
Where do the Taylor's live?Detroit
88%
Which actress played the original tool girl?Pamela Anderson
84.6%
Where does Randy go to study abroad?Costa Rica
53.3%
Who does Al marry?Trudy
41%
Where do the Taylor's move?Indiana
38.9%
What is the name of Mark's weird friend?Ronnie
24.3%
Who is Tim's body shop guy?Eddie
18.7%
What is Heidi's last name?Keppert
15.3%
Remove Ads.
Support Sporcle.
Get the best of Sporcle when you Go Orange. This ad-free experience offers more features, more stats, and more fun while also helping to support Sporcle. Thank you for becoming a member.

You're not logged in!

Compare scores with friends on all Sporcle quizzes.
OR
Log In

Show Comments

Extras

Top Quizzes Today


Score Distribution

Your Account Isn't Verified!

In order to create a playlist on Sporcle, you need to verify the email address you used during registration. Go to your Sporcle Settings to finish the process.

Report this User

Report this user for behavior that violates our Community Guidelines.

Details: